[Event "Dortmund"]
[Site "Dortmund"]
[Date "1982.??.??"]
[Round "2"]
[White "McCambridge, Vincent"]
[Black "Sharif, Mershad"]
[Result "0-1"]
[WhiteElo "2440"]
[BlackElo "2435"]

1.d4 Nf6 2.c4 e6 3.Nf3 d5 4.Nc3 Bb4 5.Bg5 h6 6.Bh4 c5 7.cxd5 exd5 8.e3 Nc6
9.Bb5 g5 10.Bg3 Ne4 11.dxc5 Nxc3 12.Bxc6+ bxc6 13.Qd4 Nxa2+ 14.Kd1 f6 15.Rxa2 a5
16.h4 Kf7 17.hxg5 hxg5 18.Nxg5+ fxg5 19.Rxh8 Qxh8 20.Qxh8 Bg4+ 21.f3 Rxh8
22.fxg4 Re8 23.Be1 Bxe1 24.Kxe1 Rxe3+ 25.Kd1 Ke6 26.Rxa5 d4 27.Ra8 Kd5 28.b4 Rb3
29.Rg8 Kc4 30.Ke2 Kc3 31.Rg6 Kc2 32.Rd6 Rxb4 33.Rxc6 d3+ 34.Ke3 Rb1 35.Ke4 d2
36.Rd6 Rb5 37.c6 d1=Q 38.Rxd1 Kxd1 39.Kd4 Rb8 40.Ke5 Ke2 41.Kf6 Rg8 42.c7 Ke3
43.Kf5 Kd4 44.Ke6 Ke4 45.Kd7 Kf4 46.c8=Q Rxc8 47.Kxc8 Kg3  0-1

[Event "Dortmund"]
[Site "Dortmund"]
[Date "1982.??.??"]
[Round "10"]
[White "Hort, Vlastimil"]
[Black "Psakhis, Lev"]
[Result "1/2-1/2"]
[WhiteElo "2590"]
[BlackElo "2545"]

1.d4 Nf6 2.c4 c5 3.Nf3 e6 4.e3 b6 5.Nc3 cxd4 6.exd4 Bb7 7.Bg5 Be7 8.Be2 O-O
9.O-O d5 10.Ne5 dxc4 11.Bxc4 h6 12.Bf4 Nc6 13.Nxc6 Bxc6 14.Qd3 Qd7 15.Rad1 Rad8
16.Rfe1 Rfe8 17.Bg3 Qb7 18.Ba6 Qa8 19.Qf1 Nd5 20.Be5 Bd6 21.Nb5 Bb4 22.Re2 Bb7
23.Bxb7 Qxb7 24.Rc2 Rd7 25.Rdc1 Be7 26.Rc4 Red8 27.Qe2 Bg5 28.R1c2 a6 29.Nc7 b5
30.Rc5 Nf4 31.Qg4 Nd3 32.Nxe6 fxe6 33.Qxe6+ Kh8 34.Rc7 Qd5 35.Qxd5 Rxd5 36.Bxg7+ Kg8
37.g3 Nb4 38.Re2 R5d7 39.Rxd7 Rxd7 40.Be5 Nc6 41.f4 Bd8 42.Kg2 Bb6 43.Rc2 Nxd4
44.Rc8+ Kf7 45.Ra8 a5  1/2-1/2